Frank's field trip / (Record no. 9744)

MARC details
000 -LEADER
fixed length control field 01103nam a22003017a 4500
001 - CONTROL NUMBER
control field 9744
003 - CONTROL NUMBER IDENTIFIER
control field FISKH
005 - DATE AND TIME OF LATEST TRANSACTION
control field 20260204124426.0
008 - FIXED-LENGTH DATA ELEMENTS--GENERAL INFORMATION
fixed length control field 260204b cb ||||| |||| 00| 0 eng d
020 ## - INTERNATIONAL STANDARD BOOK NUMBER
International Standard Book Number 099455002998
040 ## - CATALOGING SOURCE
Original cataloging agency FISKH
Language of cataloging eng
Transcribing agency FISKH
Modifying agency FISKH
082 ## - DEWEY DECIMAL CLASSIFICATION NUMBER
Classification number 813.5/4
100 ## - MAIN ENTRY--PERSONAL NAME
Personal name Gruesome , Gertrude
245 ## - TITLE STATEMENT
Title Frank's field trip /
Statement of responsibility, etc. By Gertrude Gruesome
250 ## - EDITION STATEMENT
Edition statement First HarperPaperbacks printing : March 1995
260 ## - PUBLICATION, DISTRIBUTION, ETC.
Place of publication, distribution, etc. New York :
Name of publisher, distributor, etc. HarperPaperbacks ,
Date of publication, distribution, etc. 1995 .
300 ## - PHYSICAL DESCRIPTION
Extent 55 pages :
Other physical details illustrations ;
Dimensions 19 cm .
490 ## - SERIES STATEMENT
Series statement Monsterkids
505 ## - FORMATTED CONTENTS NOTE
Formatted contents note J <br/>
520 ## - SUMMARY, ETC.
Summary, etc. Frankenstein Jr. is so big and clumsy, it's a risk to take him anywhere. He does have one good thing going - his brains. Frank's so smart that his friends know he will lead their class to first prize in the local science fair, but the rival school doesn't always play fair.
521 8# - TARGET AUDIENCE NOTE
Target audience note 500 <br/>
Source Lexile estimate <br/>
521 8# - TARGET AUDIENCE NOTE
Target audience note J <br/>
Source Raz-Plus <br/>
650 ## - SUBJECT ADDED ENTRY--TOPICAL TERM
Topical term or geographic name entry element Halloween
Form subdivision Fiction
650 ## - SUBJECT ADDED ENTRY--TOPICAL TERM
Topical term or geographic name entry element Red
Form subdivision Fiction
700 ## - ADDED ENTRY--PERSONAL NAME
Personal name Freeman , Susan
Relator term Editor
942 ## - ADDED ENTRY ELEMENTS (KOHA)
Source of classification or shelving scheme Dewey Decimal Classification
Koha item type Books
Suppress in OPAC No
Holdings
Withdrawn status Lost status Source of classification or shelving scheme Damaged status Not for loan Collection Home library Current library Shelving location Date acquired Total Checkouts Full call number Barcode Date last seen Price effective from Koha item type
    Dewey Decimal Classification     Fiction Footprints International School Library Network Toul Tom Poung Campus Footprints International School Library Network Toul Tom Poung Campus TTP Primary Dark Blue Bookshelves 02/04/2026   GRU 813.5/4 FIS00422 02/04/2026 02/04/2026 Books